000 00916nam a2200229 i 4500
001 118975
003 ES-MaACL
005 20230906191220.0
008 070214q1941 sp f |||| | spa d
080 _a75.036(44)
245 0 0 _aObras maestras de los impresionistas franceses :
_bnueve grabados en color y dieciséis ilustraciones de cuadros, dibujos, grabados en madera y litografías /
_cintroducción por Karl Scheffer ; y un breve estudio preliminar de F. Pérez-Dolz.
260 _aBarcelona :
_bOrbis,
_c[1941?]
300 _a33 p., [9] h. de lám. col. :
_bil. ;
_c35 cm.
490 1 _aMonografías de arte
650 4 _aImpresionismo (Arte)-
_zFrancia.
_9165160
650 4 _aPintura francesa-
_yS.XIX.
_9156487
700 1 _aScheffer, Karl.
_9104269
700 1 _aPérez-Dolz, Francisco.
_990836
830 1 _aMonografías de arte
_9179845
852 _aES-MaACL
_jF-15992
999 _c118975
_d118975